| 000 | 01146nam a2200133Ia 4500 | ||
|---|---|---|---|
| 008 | 220615s9999||||xx |||||||||||||| ||und|| | ||
| 020 | _a9783040000000 | ||
| 245 | 0 | _aProteases—From Basic Structure to Function to Drug Design as Targeted Therapy | |
| 546 | _aEnglish[eng] | ||
| 650 | _aMMP||MMP2||MMP9||MMP7||MMP14||matrix metalloproteases||PDAC||pancreatic cancer||Bowman–Birk inhibitor||ranacyclin||trypsin inhibitor||structure–activity relationship||synergistic effect||Gentamicin||matrix metalloproteinase||extracellular matrix||nuclei||cancer||apoptosis||immune response||cysteine protease inhibitor||stefin||signal peptide||parasite||phylogenetic analysis||diversification||protein structure||vascular endothelial growth factors (VEGFs)||VEGF-A||PlGF||VEGF-B||VEGF-C||VEGF-D||angiogenesis||lymphangiogenesis||CCBE1||proteases||ADAMTS3||plasmin||cathepsin D||KLK3||prostate-specific antigen (PSA)||thrombin||wound healing||metastasis||proteolytic activation||vascular biology||lymphedema | ||
| 700 | _aKwok, Hang Fai||Shaw, Christopher||Walker, Brian | ||
| 856 | _uhttps://mdpi.com/books/pdfview/book/4715 | ||
| 942 | _cEB | ||
| 999 |
_c14518 _d14518 |
||